Vista normal Vista MARC

Entrada Corporate Name

Número de registros utilizados en: 1

001 - CONTROL NUMBER

  • control field: 43763

003 - CONTROL NUMBER IDENTIFIER

  • control field: OSt

005 - DATE AND TIME OF LATEST TRANSACTION

  • control field: 20240712122035.0

008 - FIXED-LENGTH DATA ELEMENTS

  • fixed length control field: 240712|| aca||aabn | a|a d

040 ## - CATALOGING SOURCE

  • Original cataloging agency: OSt
  • Transcribing agency: OSt

110 ## - HEADING--CORPORATE NAME

  • Corporate name or jurisdiction name as entry element: Presidencia de la republica
  • Subordinate unit: Oficina de la primera dama

670 ## - SOURCE DATA FOUND

  • Source citation: Work cat.: (OSt)5210: Presidencia de la republica Oficina de la primera dama, Los derechos de la mujer en Colombia / , 1997